00675 2200229 4500001002100000005001500021035002000036007000300056008004100059020002200100082001800122084002400140100001600164245005400180250001000234260009900244300003400343650002800377711001800405990001100423990001100434INLIS00000000000546320210412082706 a0010-0320000031ta210412 b | ind  a978-602-0920-06-1 aR.398.209 598 aR.398.209 598 WID p0 aWIDIYANDARI1 aPutri Mayang /cWidiyandari; editor, Tim Penerbit acet.1 aPangkalpinang :bBadan Perpustakaan dan Arsip Daerah Provinsi Kepulauan Bangka Belitung,c2014 aiv, 23 cm. :bilus. ;c25 cm. 4aCERITA RAKYAT INDONESIA0 aTIM, Penerbit a4077 a a4077 b